El hierro en la construcción : cálculo y aplicaciones
| Main Author: | |
|---|---|
| Format: | Section = Libro |
| Language: | Undetermined Spanish |
| Published: |
España
CEAC
1982
|
| Subjects: |
| LEADER | 00524nam a2200193Ia 4500 | ||
|---|---|---|---|
| 008 | 240829s9999 xx 000 0 und d | ||
| 020 | |a 84-329-2837-2 | ||
| 040 | |a BIBLIOTECA-RUPAP 691.7 H557 | ||
| 041 | |a spa | ||
| 082 | |a 691.7 H557 | ||
| 100 | 1 | |a Hernández, Mariano | |
| 245 | 1 | 0 | |a El hierro en la construcción : cálculo y aplicaciones |
| 260 | |a España |b CEAC |c 1982 | ||
| 300 | |a 192 p. :il. | ||
| 650 | 7 | |a HIERRO DE CONSTRUCCION | |
| 650 | 7 | |b CONSTRUCCION. I. Tít. | |
| 942 | |c BK |2 ddc | ||
| 991 | |a TEXTO | ||
| 999 | |c 10350 | ||